00423cas a2200133 a 4500020001500000022001400015082001700029245006400046260007700110300001700187490003900204650002300243650002300266 a08031119670 a1040-305100a620.1/18 TES00aTest methods and design allowables for fibrous composites : aPhiladelphia, Pa. :bAmerican Society for Testing and Materials,cc1981- av. :bill. ;1 aASTM special technical publication 0aFibrous composites 0aFibrous composites